000 00926cab a2200253 4500
001 WB2802-30
008 090401t1991 xxu||||| |||| 00| 0 eng d
035 _a(Sirsi) u915
041 _aeng
245 _aAgricultural development controls
260 _c1991
350 _a0
490 _aDoE News Release
_v(819) 31 December 1991 (2)
520 _aCertain agricultural and forestry developments are to be subject to planning controls, affecting permitted development rights granted under the General Development Order, and requiring planning permission for new buildings, extensions and new roads on farms of over 5 hectares.
650 _aAGRICULTURAL DEVELOPMENT
650 _aFARM BUILDINGS
650 _aLANDSCAPE CONSERVATION
650 _aPERMITTED DEVELOPMENT RIGHTS
650 _aPLANNING CONTROL
690 _aPLANNING LAW AND PRACTICE
690 _aRURAL PRACTICE
942 _n0
948 _c04/03/1997
999 _c511
_d511